000 00324nam a2200133Ia 4500
008 240624s9999 xx 000 0 und d
041 _aeng
082 _a823 ROY
100 _aROY ARUNDHATI
245 _aGOD OF SMALL THINGS
260 _c2002
_aNew Delhi
_bPenguin Books
300 _a339 : p. : cm. ; 21
365 _cRS
_b30
999 _c12511
_d12511